| 000 | 00932nam a2200241 a 4500 | ||
|---|---|---|---|
| 001 | 000043542 | ||
| 005 | 20240313073819.0 | ||
| 008 | 140324s2011 dr ab 000 0 spa d | ||
| 020 | _a9789945412437 | ||
| 040 |
_aDO-SdBNP _bspa _cBNPHU |
||
| 082 |
_a070.4 _bL697b |
||
| 245 | 0 | 1 |
_aEl libro blanco del periodismo dominicano / _ccoordinadora general, Elina María Cruz ; editores, Josep Lluís Micó, Pere Masip. |
| 260 |
_aSanto Domingo : _bFUNGLODE, _c2011. |
||
| 300 |
_a347 p : _bil., mapas ; _c26 cm. |
||
| 590 | _aInventariado,2018/DG | ||
| 650 | 4 |
_aPeriodismo _zRepública Dominicana _936 |
|
| 650 | 4 |
_aPeriodismo _zRepública Dominicana _xHistoria _985 |
|
| 650 | 4 |
_aMedios de comunicación de masas _zRepública Dominicana _92031 |
|
| 700 | 1 | 2 |
_aMicó, Josep Lluís _eed. _971328 |
| 700 | 1 | 2 |
_aMasip, Pere _eed. _971329 |
| 710 | 2 | 2 |
_aFundación Global Democracía y Desarrollo _925477 |
| 910 | _aValidado. Control de calidad MFF | ||
| 999 |
_c43031 _d43031 |
||